NLP超强沟通术 (Record no. 29795)

000 -LEADER
fixed length control field 00468nam a22001937a 4500
003 - CONTROL NUMBER IDENTIFIER
control field MPLRDC
005 - DATE AND TIME OF LATEST TRANSACTION
control field 20220104125737.0
008 - FIXED-LENGTH DATA ELEMENTS--GENERAL INFORMATION
fixed length control field 210129b ||||| |||| 00| 0 eng d
020 ## - INTERNATIONAL STANDARD BOOK NUMBER
International Standard Book Number 978-986-6702-63-1
082 ## - DEWEY DECIMAL CLASSIFICATION NUMBER
Classification number 177.1 JTSL
100 ## - MAIN ENTRY--PERSONAL NAME
Personal name 加藤圣龙
245 ## - TITLE STATEMENT
Title NLP超强沟通术
Statement of responsibility, etc. 杨明绮 译
250 ## - EDITION STATEMENT
Edition statement 初版
260 ## - PUBLICATION, DISTRIBUTION, ETC.
Place of publication, distribution, etc. 台湾
Name of publisher, distributor, etc. 如果出版社
Date of publication, distribution, etc. 2010
300 ## - PHYSICAL DESCRIPTION
Other physical details 280
490 ## - SERIES STATEMENT
Series statement START+: 08
650 ## - SUBJECT ADDED ENTRY--TOPICAL TERM
Topical term or geographic name entry element 沟通
942 ## - ADDED ENTRY ELEMENTS (KOHA)
Koha item type Book
-- 177.1 JTSL
Holdings
Withdrawn status Lost status Source of classification or shelving scheme Damaged status Not for loan Collection code Home library Current library Shelving location Date acquired Cost, normal purchase price Total Checkouts Total Renewals Full call number Barcode Date last seen Date last checked out Price effective from Koha item type Public note
            Malaysian Public Library, Research and Development Centre Malaysian Public Library, Research and Development Centre   10/12/2007 40.00   1 177.1 JTSL 00029869 17/03/2021 31/10/2015 17/03/2021 Book mplrdc

© 2022. Malaysian Public Library, Research and Development Centre. All Right ReservedE-mailmplrdc@help.edu.my 

Powered by Koha